Statistics for His Dark Materials characters

Click here to take the quiz!

General Stats

  • This quiz has been taken 9 times
  • The average score is 5 of 11

Answer Stats

Answer% Correct
Lee Scoresby
100%
Lord Asriel
100%
Lyra
100%
John Faa
44%
Ma Costa
44%
Will Parry
44%
Phillip Pulman
33%
Father Coram
22%
Lorek Byrnison
22%
Ogunwe
22%
Fru Coulter
11%

Score Distribution

Percentile by Number Answered

Percent of People with Each Score

Your Score History

You have not taken this quiz